[Event "GER-ch NSV Online 1st"]
[Site "Playchess.com INT"]
[Date "2020.04.26"]
[Round "11"]
[White "Kaufmann, Guido"]
[Black "Dralle, Hannes"]
[Result "0-1"]
[WhiteElo "1816"]
[BlackElo "1732"]
[PlyCount "68"]
[EventDate "2020.04.26"]
[EventType "swiss (blitz)"]
[EventRounds "13"]
[EventCountry "GER"]
[SourceTitle "CBM 196 Extra"]
[Source "ChessBase"]
[SourceDate "2020.07.31"]
[SourceVersion "1"]
[SourceVersionDate "2020.07.31"]
[SourceQuality "1"]

1. e4 c5 2. Nf3 e6 3. d4 cxd4 4. Nxd4 Nc6 5. c3 a6 6. Be2 Qc7 7. Be3 Nf6 8. f3 b5 9. 0-0 Bb7 10. Nd2 d5 11. N4b3 Bd6 12. h3 Nh5 13. Bc5 Bh2+ 14. Kf2 Qc8 15. Rh1 Qc7 16. Nf1 Bf4 17. g4 Nf6 18. Bd3 Ne5 19. Qe2 Nfd7 20. Bd4 Nxd3+ 21. Qxd3 dxe4 22. fxe4 Nf6 23. Bxf6 gxf6 24. Rd1 Rd8 25. Qc2 Qb6+ 26. Nd4 e5 27. Kf3 exd4 28. cxd4 Bh6 29. Ng3 0-0 30. Nf5 Bg7 31. Nxg7 Kxg7 32. g5 fxg5 33. Rhg1 Qf6+ 34. Ke3 Qf4+ 0-1